LEADER 01721nam a2200265 i 4500 001 000000248513 003 CaOOAMICUS 005 20230314123602.0 008 160330s1706 fr u000 u fre u 026 $al.z& e.n. esez namo (3) 1706 (R) 040 $aSeMil$bita 110 2 $aChiesa Cattolica .$0(OLS)http://semarc/name/12934 245 10$aHeures nouvelles dedièes aux dames de S. Cyr; contenant tous les offices, vepres, hymnes & profes qui se disent à l'eglise. Avec les exercices du matin & du soir .. Avec plusieurs prières & oraisons tirées de la sainte ecriture. En latin & en fraçois. 260 $aA Paris :$bChez Guillaume de Luyne, à l'entrée de la Gallerie des Prisonniers, à l'Image Notre-Dame,$c1706. 300 $a[16], 431, [1], 14 p. :$bill. ;$c8°. 500 $aIll. calcogr. a piena pagina. - Testo su due colonne 500 $aSegn.: a8 A-2D8 *8 650 4$aLibri liturgici - Liturgia delle Ore - Rito romano.$0(OLS)http://semarc/subject/59247 700 1 $aLuynes, Guillaume : de,$c.$0(OLS)http://semarc/name/14559 850 $aSeMil 852 $aSeMil$W1$xVenegono$y1$m3K III 83 FA$j198859$B198859$CSeMilBibl$Z2$F210169 $8I 961 $aRecupero: Deposito 996 $6245$aHeures nouvelles dedièes aux dames de S. Cyr; contenant tous les offices, vepres, hymnes & profes qui se disent à l'eglise. Avec les exercices du matin & du soir .. Avec plusieurs prières & oraisons tirées de la sainte ecriture. En latin & en fraçois$9(OLS)http://semarc/title/350673 996 $6260$aA Paris :$bChez Guillaume de Luyne, à l'entrée de la Gallerie des Prisonniers, à l'Image Notre-Dame$9(OLS)http://semarc/publisher/55273 LEADER 01077nam a2200241 i 4500 001 000000232433 003 CaOOAMICUS 005 20140828000000.0 008 140828s1956 xx u000 u und u 013 $a211336 040 $aSeMil$bita 100 1 $aKeller, Werner.$0(OLS)http://semarc/name/32135 240 10$aUnd die bibel hat doch recht.$0(OLS)http://semarc/title/331675 245 13$aLa Bibbia aveva ragione /$cWerner Keller ; prefazione di Giuseppe Ricciotti. 260 $aMilano :$bGarzanti,$c1956. 300 $a415 p. :$bill., [56] c. di tav. ;$c24 cm. 500 $aIn mezzo al front : 76 illustrazioni nel testo e 56 fuori testo. - Contiene : Bibliografia. 650 4$aBibbia - Archeologia.$0(OLS)http://semarc/subject/3434 700 1 $aRicciotti, Giuseppe,$d<1890-1964>.$0(OLS)http://semarc/name/10747 850 $aSeMil 852 $aSeMil$W1$xVenegono$y1$m2Z IV 184$j182779$B182779$CSeMilBibl$Z2$F193801 $81 996 $6245$aLa Bibbia aveva ragione$9(OLS)http://semarc/title/331674 996 $6260$aMilano :$bGarzanti$9(OLS)http://semarc/publisher/29852